|
|
|
|
| LEADER |
02472cas a2200337 a 4500 |
| 001 |
AALejournalIMF023218 |
| 008 |
230101c9999 xx r poo 0 0eng d |
| 020 |
|
|
|a 9798400219948
|
| 020 |
|
|
|c 20.00 USD
|
| 022 |
|
|
|a 1018-5941
|
| 040 |
|
|
|a BD-DhAAL
|c BD-DhAAL
|
| 100 |
1 |
|
|a Arbatli Saxegaard, Elif.
|
| 245 |
1 |
0 |
|a U.S. Monetary Policy Shock Spillovers :
|b Evidence from Firm-Level Data /
|c Elif Arbatli Saxegaard, Melih Firat, Davide Furceri, Jeanne Verrier.
|
| 264 |
|
1 |
|a Washington, D.C. :
|b International Monetary Fund,
|c 2022.
|
| 300 |
|
|
|a 1 online resource (69 pages)
|
| 490 |
1 |
|
|a IMF Working Papers
|
| 500 |
|
|
|a <strong>Off-Campus Access:</strong> No User ID or Password Required
|
| 500 |
|
|
|a <strong>On-Campus Access:</strong> No User ID or Password Required
|
| 506 |
|
|
|a Electronic access restricted to authorized BRAC University faculty, staff and students
|
| 520 |
3 |
|
|a We examine three main channels through which U.S. monetary policy shocks affect firm investment in foreign countries: (1) the balance sheet channel; (2) the financial channel of the exchange rate; and (3) the trade channel. For this purpose, we use quarterly firm-level data for 63 advanced economies (AEs) and emerging market and developing economies (EMDEs) over 1996-2016. Our results suggest an important and independent role for all three key channels. U.S. monetary policy shocks have larger effects on investment for firms that are more leveraged (balance sheet channel), for firms that have a higher share of debt in foreign currency (financial channel of the exchange rate), and for firms that operate in sectors with higher export dependence (trade channel). Back-of-the-envelope calculations suggest that the balance sheet channel is the most important channel of transmission of U.S. monetary policy shocks on aggregate firm investment.
|
| 538 |
|
|
|a Mode of access: Internet
|
| 650 |
|
7 |
|a Macroeconomic Aspects of International Trade and Finance
|2 imf
|
| 650 |
|
7 |
|a Monetary Policy, Central Banking, and the Supply of Money
|2 imf
|
| 650 |
|
7 |
|a Multiple or Simultaneous Equation Models
|2 imf
|
| 650 |
|
7 |
|a Multiple Variables
|2 imf
|
| 650 |
|
7 |
|a Production and Organizations
|2 imf
|
| 700 |
1 |
|
|a Firat, Melih.
|
| 700 |
1 |
|
|a Furceri, Davide.
|
| 700 |
1 |
|
|a Verrier, Jeanne.
|
| 830 |
|
0 |
|a IMF Working Papers; Working Paper ;
|v No. 2022/191
|
| 856 |
4 |
0 |
|z Full text available on IMF
|u https://elibrary.imf.org/openurl?genre=journal&issn=1018-5941&volume=2022&issue=191
|z IMF e-Library
|